00337 2200145 4500245004700000250001100047100002600058650001700084650001600101005001900117260001800136041001400154084001400168336000900182 aA Quiet BloomcAqilah Azka RamadhanihText aCet. 1 aAqilah Azka Ramadhani aAutobiografi aKarya Siswa a20250522112114 aJakartac2025 aIndonesia a081 AQI a atext